00588cam a22002051 4500001001300000003000400013005001700017008004100034010001700075035002000092040001700112042001200129050001800141100002500159245004900184260008100233300002600314651002500340999001700365sa 67007869 DLC20260227112419.0970710s1959 io 000 0 ind  asa 67007869  a(OCoLC)37271881 aDLCcWUdDLC apremarc00aUA853.I5bN351 aNasution, Kaharudin.10aWadjib bela negeri:bkumpulan pidato-pidato. a[Jakarta]bPenerangan Angkatan Darat, Komando Gabungan Operasi Tegasc[1959] a39 p.b[s.n.]c[1959] 0aIndonesiaxDefenses. c76828d76828